Score 0/77 Timer 20:00
0 Plays Today
Hint Answer % Correct
Who does Article provide freedom of movement for specifically?Workers
88.9%
Which Directive supplements the article?Directive 2004
83.3%
Which regulation supplements this treaty article?Regulation 492
72.2%
Which case defined gainful employment as one that involves: a) performing services b)under the direction of another c)for remuneration?Lawrie-Blum
69.4%
This right can only be lost through absence from the host MS for a continuous period exceeding...?2 years
69.4%
Which case defined economic activity?Levin
66.7%
To be 'effective and genuine' what must the activity NOT be?marginal, ancillary
66.7%
A drug addict on a rehabilitation programme (they did NOT class as a worker under Article 45)Bettray
66.7%
Which case confirmed that jobseekers may move freely looking for employment, but only 'for a reasonable amount of time' (six months)?Antonissen
66.7%
Article 16 of the directive provides Union citizens and family members the right to permanent residence once they have legally resided in the host MS for a period of ....?5 years
66.7%
Which case denied that worker was to be defined by national law, and instead gave it a Union meaning?Hoekstra
63.9%
Which case involved the following? Music teacher (on benefits)Kempf
63.9%
A member of a religious community:Steymann
63.9%
Right of residence (up to 3 months)Article 6
63.9%
Which article governs the right of residence for any period exceeding 3 months?Article 7
63.9%
Which case provides that a separation from a Union citizen does not mean expulsion as long as the marriage has not been dissolved?Diatta
63.9%
Which article determines the rights for individuals who are divorced?Article 13
63.9%
Death or departure of union citizen?Article 12
63.9%
Right of entry?Article 5
61.1%
An individual on a reintegration programmeTrojani
55.6%
Which case extended this to jobseekers in general?Royer
52.8%
Under the articles of Directive 2004/38 where would one find the right of exit?Article 4
52.8%
Which two groups of people does this regulation specifically confer rights upon?Workers, family members
50%
Which case stated that union citizenship is destined to be the fundamental status of nationals?Grzelczyk
44.4%
What must an individual be in order to lose their right of residence?Unreasonable burden
44.4%
Which case affirmed that indirect discrimination would also be prohibited?Ugliola
44.4%
Which cases provide examples where non-discriminatory obstacles have also been outlawed under Article 45:Kraus, Bosman
44.4%
Which case confirmed this?Gul
44.4%
Which case stated that Article 7(2) includes: ALL social and tax advantages, where or not attached to the contract of employment?Cristini
44.4%
Which case provides an example of direct discrimination (which is prohibited)Commission v France (French Merchant Seamen)
41.7%
Which Article (and sub-article) of regulation 492/2011 provides that a worker who is a national of a member state shall enjoy the same social benefits as national workers?Article 7(2)
41.7%
Family members alone can qualify for these rights. Case:Inzirillo
41.7%
Which case provides a definition of vocational schools: 'establishments which provide only instruction interposed between periods of employment'Brown
41.7%
What does this directive deal primarily with? (groups of people)Union citizens, family members
38.9%
Jobseekers are not to be classed as workers under this article.Case:Collins
38.9%
Funeral Expenses benefitsO'Flynn
38.9%
Which case provided that national measures must be based exclusively on the personal conduct of the individual concerned?Van Duyn
38.9%
Which cases illustrated that indirect discrimination is possibly justified according to objective justifications?Sotgiu, Groener
36.1%
Which case confirmed that university education will generally satisfy the definition of vocational training?Blaizot
36.1%
Hint Answer % Correct
Which case defined the two key features of an 'employment relationship'?Walrave & Koch
33.3%
Which article of Directive 38 confers the right to work on Union citizen's family members?Article 23
33.3%
Which case established the right of access to vocational training?Gravier
33.3%
Name the two fundamental cases for educational grants:Brown, Lair
33.3%
This was extended to educational grants in which case?Casagrande
30.6%
Which case extended this to maintenance grants etc?Bidar
30.6%
Which case stated that past convictions are insufficient grounds in themselves to deport?Bouchereau
30.6%
And that the individual must represent a genuine threat to fundamental societal interests?Bouchereau
30.6%
The provisions of Article 45 shall not apply to whom? Those employed in...Public Service
30.6%
Article 2(1) of Directive 2004/38 defines a union citizen as:Any person having the nationality of a Member State
27.8%
7(1)(d)Family member
27.8%
On top of the right to stay and move freely within the territory of a MS what other rights does Article 45 TFEU provide?Employment rights
27.8%
Which case opened up union citizens to the same social benefits as workers and family members under Article 45Martinez Sala
27.8%
Which case - involving a student studying in Belgium - confirmed this?Grzelczyk
27.8%
Which case justified the obligation that the individual must prove to have integrated into society to receive the grant ?Forster
27.8%
Which case affirmed that the deportation must not be effected as a means to deter othersBonsignore
27.8%
Which case stated that while a Jobseeker cannot rely on Article 7(2) may be able to rely on union citizenship?Collins
25%
Which case stated that those that have lost there job and are capable of finding another are also protected by Article 45?Hoekstra
22.2%
Name the case: Discretionary childbirth loansReina
22.2%
Minimum income allowance:Hoeckx
22.2%
Name the first key case of the public service exemption case law history:Sotgiu
22.2%
7(1)(b)? Those with...sufficient resources, insurance
19.4%
7(1)(c)Student, insurance
19.4%
Where are detailed rules on the public service exemption?Article 45(4)
19.4%
Which Article codified the concept of Union Citizenship?Article 20(1) TFEU
16.7%
Which two other groups of people are included in the 'other beneficiaries' paragraph of Art. 3?Other family members, durable partners
16.7%
Which two articles were used in combination to justify this?Article 20 TFEU, Article 18 TFEU
16.7%
Which case stated that lical authorities were exempted but nurses/railway workers and teachers were not?Commission v Belgium (Public employees)
16.7%
What are the two features?Economic activity, having character of gainful employment
13.9%
However according to 14(4)(b) if the following two criteria are satisfied the national cannot be expelled:still seeking employment, has genuine chance of being engaged
13.9%
Directive 2004/3 states that a family member means:spouse, registered partner, direct descendants under 21, dependent direct relatives
13.9%
Who does 7(1)(a) confer a right to reside uponWorkers|self-employed
13.9%
Article 10 of Regulation 492/2011 provides that the children of a migrant worker shall have the same access to education as nationals providing they....?Reside in the territory
13.9%
According to which case is general education to be included in the scope of the treaty - due to union citizenship?Grzelczyk
13.9%
Where can one find the detailed rules governing the public policy and public security derogations for the free movement of workers?Article 27(2)
13.9%
Which two cases confirmed that the deportation MUST NOT be arbitraryAdoui & Cornuaille
13.9%
Which case applied the same rules as above to the right of union citizens to reside?D'Hoop
11.1%
This was further extended to situations in which the children remain and the parents leave...case:Echternach & Moritz
11.1%
Remove Ads.
Support Sporcle.
Get the best of Sporcle when you Go Orange. This ad-free experience offers more features, more stats, and more fun while also helping to support Sporcle. Thank you for becoming a member.

You're not logged in!

Compare scores with friends on all Sporcle quizzes.
OR
Log In

Sporcle TV

Today on Sporcle TV


Watch our educational content, quiz creation guides, and fun videos on Sporcle TV.

Show Comments

Extras

Created Jan 3, 2016ReportNominate
Tags:free, Movement, Person

Top Quizzes Today


Score Distribution

Paid Content

Your Account Isn't Verified!

In order to create a playlist on Sporcle, you need to verify the email address you used during registration. Go to your Sporcle Settings to finish the process.

Report this User

Report this user for behavior that violates our Community Guidelines.

Details: